书目信息 |
| 题名: |
15天征服英语四级
|
|
| 作者: | 杨志凯 编著 | |
| 分册: | 词汇高分宝典 | |
| 出版信息: | 上海 东方出版中心 2004.12 |
|
| 页数: | 263页 | |
| 开本: | 21cm | |
| 丛书名: | 成功外语宝典系列丛书 | |
| 单 册: | ||
| 中图分类: | H313.1 | |
| 科图分类: | ||
| 主题词: | 英语--ying yu--词汇--高等学校--水平考试--自学参考资料 | |
| 电子资源: | ||
| ISBN: | 7-80186-275-9 | |
| 000 | 00965nam 2200253 450 | |
| 001 | 012007811385 | |
| 005 | 20070924101916.73 | |
| 010 | @a7-80186-275-9@dCNY19.00 | |
| 100 | @a20070813d2004 km y0chiy0120 ea | |
| 101 | 0 | @achi@aeng |
| 102 | @aCN@b310000 | |
| 105 | @aa z 000yy | |
| 200 | 1 | @a15天征服英语四级@A15 tian zheng fu ying yu si ji@i词汇高分宝典@f杨志凯编著@Fyang zhi kai bian zhu |
| 210 | @a上海@c东方出版中心@d2004.12 | |
| 215 | @a263页@c图@d21cm | |
| 225 | 2 | @a成功外语宝典系列丛书@Acheng gong wai yu bao dian xi lie cong shu |
| 330 | @a本书展现新东方制胜四级的秘密武器、15天的缜密安排,确保学习效果;考点、知识点覆盖全面,有的放矢;实考真题剖析详尽,归纳全面等。 | |
| 410 | 0 | @12001 @a成功外语宝典系列丛书 |
| 517 | 1 | @a词汇高分宝典@Aci hui gao fen bao dian |
| 606 | 0 | @a英语@Aying yu@x词汇@x高等学校@x水平考试@j自学参考资料 |
| 690 | @aH313.1@v4 | |
| 701 | 0 | @a杨志凯@Ayang zhi kai@4编著 |
| 801 | 0 | @aCN@c20070924 |
| 905 | @dH313.1@eY333 | |
| 15天征服英语四级.词汇高分宝典/杨志凯编著.-上海:东方出版中心,2004.12 |
| 263页:图;21cm.-(成功外语宝典系列丛书) |
| ISBN 7-80186-275-9:CNY19.00 |
| 本书展现新东方制胜四级的秘密武器、15天的缜密安排,确保学习效果;考点、知识点覆盖全面,有的放矢;实考真题剖析详尽,归纳全面等。 |
| ● |
| 相关链接 |
|
|
|
正题名:15天征服英语四级
索取号:H313.1/Y333
 
预约/预借
| 序号 | 登录号 | 条形码 | 馆藏地/架位号 | 状态 | 备注 |
| 1 | 258304 | 202583043 | 语言库209/209语言库 33排4列3层/ [索取号:H313.1/Y333] | 在馆 | |
| 2 | 258305 | 202583052 | 语言库209/209语言库 33排4列3层/ [索取号:H313.1/Y333] | 在馆 | |
| 3 | 258306 | 202583061 | 语言库209/209语言库 33排4列3层/ [索取号:H313.1/Y333] | 在馆 |